Modlitwa Pańska - Statystyki

Ogólne statystyki
  • Ten quiz został rozwiązany 5 424 razy
  • Średni wynik to 56 z 62
Statystyki odpowiedzi
Słowa % Poprawnych
na
99%
na
99%
na
99%
Ojcze
99%
i
98%
i
98%
i
98%
I
98%
i
98%
i
98%
jest
98%
jest
98%
nas
98%
nas
98%
nasz,
98%
nie
98%
w
98%
w
98%
niebie,
97%
niebie
97%
któryś
96%
Twoje;
96%
Twoje;
96%
Twoje
96%
imię
95%
święć
95%
bądź
94%
królestwo
94%
królestwo
94%
Twoja,
94%
wola
94%
ziemi.
94%
jako
93%
jako
93%
tak
93%
my
92%
Chleba
91%
daj
91%
nam
91%
nam
91%
nasze
91%
przyjdź
90%
dzisiaj
89%
naszego
89%
odpuść
88%
odpuszczamy
88%
się
88%
naszym
87%
powszedniego
87%
winy,
87%
Amen.
86%
pokuszenie,
86%
ale
85%
winowajcom
85%
zbaw
85%
złego.
83%
ode
81%
wódź
81%
wieki.
68%
chwała
62%
potęga
57%
Bo
54%
Nie znaleziono quizów pasujących do podanych kryteriów
Rozkład punktacji
Procent ludzi z każdym wynikiem
Percentyl według liczby udzielonych odpowiedzi
Twoja historia wyników
Nie rozwiązałeś tego quizu